000
00306nam a22001337a 4500
003
SGT
020
_a
9789349202221
082
_a
370.15,YAD
100
_a
YADAV PRIYANKA
245
_a
HUMAN GROWTH AND DEVELOPMENT
260
_a
NEW DELHI
_b
V R BOOK INTERNATIONAL
_c
2025
300
_a
142
942
_2
ddc
_c
BK
999
_c
33234
_d
33234